书目信息 |
| 题名: |
反通胀论
|
|
| 作者: | 张国光 著 | |
| 分册: | ||
| 出版信息: | 成都 西南财经大学出版社 2004.08 |
|
| 页数: | 284页 | |
| 开本: | 20cm | |
| 丛书名: | 当代财经文库 | |
| 单 册: | ||
| 中图分类: | F820.5 | |
| 科图分类: | ||
| 主题词: | 货币 | |
| 电子资源: | ||
| ISBN: | 7-81055-068-3 | |
| 000 | 00813nam0 2200265 450 | |
| 001 | 0196043543 | |
| 005 | 20061220145159.87 | |
| 010 | @a7-81055-068-3@dCNY15.80 | |
| 100 | @a19960818d2004 kemy0chiy0121 ea | |
| 101 | 0 | @achi |
| 102 | @aCN@b510000 | |
| 105 | @ay z 000yy | |
| 200 | 10 | @a反通胀论@AFAN TONG ZHANG LUN@e理论·运作·对策@f张国光著@FZHANG GUO GUANG ZHU |
| 205 | @a第二版 | |
| 210 | @a成都@c西南财经大学出版社@d2004.08 | |
| 215 | @a284页@d20cm | |
| 225 | 2 | @a当代财经文库 |
| 304 | @a张国光(1964~ ),经济师,中国工商银行四川省分行任职,四川金融学会会员 | |
| 410 | 0 | @120010@a当代财经文库 |
| 517 | 1 | @a理论·运作·对策@Ali lun·yun zuo·dui ce |
| 606 | 0 | @a货币 |
| 690 | @aF820.5 | |
| 701 | 0 | @a张国光@AZHANG GUO GUANG@4著 |
| 801 | 0 | @aCN@b中图数据@c20061220 |
| 905 | @a10447@dF820.5@e41=2 | |
| 反通胀论:理论·运作·对策/张国光著.-第二版.-成都:西南财经大学出版社,2004.08 |
| 284页;20cm.-(当代财经文库) |
| ISBN 7-81055-068-3:CNY15.80 |
| ● |
| 相关链接 |
|
|
|
|
正题名:反通胀论
索取号:F820.5/41=2
 
预约/预借
| 序号 | 登录号 | 条形码 | 馆藏地/架位号 | 状态 | 备注 |
| 1 | 0608397 | 206083977 | 第一样本阅览室/ [索取号:F820.5/41=2] | 在馆 | |
| 2 | 0608398 | 206083986 | 第一借阅区/ [索取号:F820.5/41=2] | 在馆 | |
| 3 | 0608399 | 206083995 | 第一借阅区/ [索取号:F820.5/41=2] | 在馆 |